000 00731cam a2200241 4500
001 45351
010 _a9789723718010
021 _b382878/14
090 _a45351
100 _a20150527d2014 c y0pory5003 ba
101 0 _apor
102 _aPT
200 1 _aA menina gotinha de água
_fPapiniano Carlos
_gil. Henrique Cayatte
205 _a1.ª ed.
_breimp. 2020
210 9 _aPorto
_cAssírio & Alvim,
_d2014
215 _a45, [2] p.
_cil.
_d24 cm
225 2 _aAssirinha
675 _a087.5
_vBN
_zpor
700 1 _aCarlos,
_bPapiniano,
_f1918-2012
701 1 _aCayatte,
_bHenrique,
_f1957-
_4440
801 0 _aPT
_bBN
_gRPC
856 4 1 _uhttp://rnod.bnportugal.gov.pt/ImagesBN/winlibimg.aspx?skey=&doc=1902055&img=61206&save=true
990 _cLIVROS